| 000 -LEADER |
| fixed length control field |
01601pab a2200193 454500 |
| 008 - FIXED-LENGTH DATA ELEMENTS--GENERAL INFORMATION |
| fixed length control field |
180718b2017 xxu||||| |||| 00| 0 eng d |
| 100 ## - MAIN ENTRY--PERSONAL NAME |
| Personal name |
Levitats, Zehavit |
| 245 ## - TITLE STATEMENT |
| Title |
Yours emotionally: how emotional intelligence infuses public service motivation and affects the job outcomes of public personnel |
| 260 ## - PUBLICATION, DISTRIBUTION, ETC. |
| Date of publication, distribution, etc. |
2017 |
| 300 ## - PHYSICAL DESCRIPTION |
| Extent |
p.759-775. |
| 520 ## - SUMMARY, ETC. |
| Summary, etc. |
We investigate the role of emotions in the public sector and their relation with work outcomes typical of public arenas. We focus on the emotional intelligence of public healthcare staff and its potential impact on public service motivation, job satisfaction, affective commitment and the quality of service to citizens. Using data from 200 nurses in a large Israeli public hospital, we examine a mixed model of direct and indirect relationships. The findings support direct positive relationships between emotional intelligence, public service motivation and job outcomes, and several indirect relationships: (1) the mediating effect of public service motivation in the relationship between emotional intelligence and affective commitment, and (2) the moderating role of emotional intelligence in the relationship between public service motivation and service quality. The impact of public service motivation on self-reported service quality is stronger for public employees with more emotional intelligence. - Reproduced. |
| 650 ## - SUBJECT ADDED ENTRY--TOPICAL TERM |
| Topical term or geographic name entry element |
Personnel management |
| 650 ## - SUBJECT ADDED ENTRY--TOPICAL TERM |
| Topical term or geographic name entry element |
employment |
| 650 ## - SUBJECT ADDED ENTRY--TOPICAL TERM |
| Topical term or geographic name entry element |
Motivation |
| 650 ## - SUBJECT ADDED ENTRY--TOPICAL TERM |
| Topical term or geographic name entry element |
Emotional development |
| 700 ## - ADDED ENTRY--PERSONAL NAME |
| Personal name |
Vigoda-Gadot, Eran |
| 773 ## - HOST ITEM ENTRY |
| Main entry heading |
Public Administration |
| 909 ## - |
| -- |
116294 |